| 000 | 00962nam a22002891 4500 | ||
|---|---|---|---|
| 001 | 6445 | ||
| 003 | BD-RjUL | ||
| 005 | 20211208234238.0 | ||
| 008 | 110114s1962 nyu b 000 0 eng | ||
| 035 | _a(BD-RjUL)6485 | ||
| 040 |
_aDLC/ICU _cICU _d(BD-RjUL) _beng |
||
| 041 | _aeng | ||
| 082 |
_223 _a512.2 _bCUR 1962 |
||
| 100 | 1 |
_aCurtis, Charles W. _920285 |
|
| 245 | 1 | 0 |
_aRepresentation theory of finite groups and associative algebras / _c[by] Charles W. Curtis [and] Irving Reiner. |
| 260 |
_aNew York : _bInterscience Publishers, _c1962 |
||
| 300 |
_a685 p. ; _c24 cm. |
||
| 490 | 1 | _aPure and applied mathematics, | |
| 504 | _aIncludes bibliography. | ||
| 650 | 0 |
_aRepresentations of groups. _920286 |
|
| 650 | 0 |
_aAssociative algebras. _920287 |
|
| 700 | 1 |
_aReiner, Irving, _ejoint author. _920289 |
|
| 830 | 0 |
_vv. 11. _9161574 |
|
| 830 | 0 |
_aPure and applied mathematics (Interscience Publishers) ; _9152642 |
|
| 942 |
_2ddc _cBK |
||
| 999 |
_c6445 _d6445 |
||